<?xml version="1.0" encoding="UTF-8"?>
<record
    xmlns:xsi="http://www.w3.org/2001/XMLSchema-instance"
    xsi:schemaLocation="http://www.loc.gov/MARC21/slim http://www.loc.gov/standards/marcxml/schema/MARC21slim.xsd"
    xmlns="http://www.loc.gov/MARC21/slim">

  <leader>04163nam a22003617a 4500</leader>
  <datafield tag="999" ind1=" " ind2=" ">
    <subfield code="c">21792</subfield>
    <subfield code="d">21792</subfield>
  </datafield>
  <controlfield tag="003">AR-CdUCM</controlfield>
  <controlfield tag="008">190425b           ||||| |||| 00| 0 spa d</controlfield>
  <datafield tag="040" ind1=" " ind2=" ">
    <subfield code="a">MUNICIPALIDAD PROVINCIAL DEL CUSCO</subfield>
    <subfield code="c">BIBLIOTECA MUNICIPAL DEL CUSCO</subfield>
  </datafield>
  <datafield tag="082" ind1=" " ind2=" ">
    <subfield code="a">Rev.IAAC/N&#xB0;7/1954</subfield>
  </datafield>
  <datafield tag="110" ind1=" " ind2=" ">
    <subfield code="a">Instituto Americano de Arte del Cuzco</subfield>
    <subfield code="9">43770</subfield>
  </datafield>
  <datafield tag="245" ind1=" " ind2=" ">
    <subfield code="a">Revista del Instituto Americano de Arte /</subfield>
  </datafield>
  <datafield tag="260" ind1=" " ind2=" ">
    <subfield code="a">Cusco :</subfield>
    <subfield code="b">H.G. Rozas,</subfield>
    <subfield code="c">1952.</subfield>
  </datafield>
  <datafield tag="300" ind1=" " ind2=" ">
    <subfield code="a">380 [6] p&#xE1;ginas. :</subfield>
    <subfield code="b">ilustraciones, laminas ;</subfield>
    <subfield code="c">24 cm.</subfield>
  </datafield>
  <datafield tag="440" ind1=" " ind2=" ">
    <subfield code="a">Revista del Instituto Americano de Arte Cuzco.</subfield>
    <subfield code="n">A&#xF1;o VII, [?] semestre de 1954, N&#xB0;7. Vol.II</subfield>
    <subfield code="9">46124</subfield>
  </datafield>
  <datafield tag="505" ind1=" " ind2=" ">
    <subfield code="a">Contenido: La intangibilidad de las toponimias abor&#xED;genes. M. B. Farf&#xE1;n. -- Significado del Cuzco. Mario Escobar Moscoso. -- El problema de la renovaci&#xF3;n educacional y la educaci&#xF3;n experimental. Jos&#xE9; Portugal. -- Educaci&#xF3;n fundamental. V&#xED;ctor Manuel Moreno Morales. -- Las clases sociales en el imperio incaico. Hermann Trimborn. -- La angustia el existencialismo y Am&#xE9;rica Latina. Fernando Manrique. -- El Santuario de Nuestra Se&#xF1;ora de Cocharcas. Julio G. Guti&#xE9;rrez. -- Arte Franciscano en el Per&#xFA;. Harold E. Wethey. -- La Catedral de Cajamarca. Horacio Villanueva Urteaga. -- La incanidad del Ollantay. Alfredo Y&#xE9;pez Miranda. -- Dos mujeres pasionales. Margarita Mendiz&#xE1;bal. -- Oblaci&#xF3;n a tres amigos muertos. Carlos Gregorio Taborga. -- Cesar vallejo. Roman Saavedra. -- P&#xF3;rtico. Eustaquio Kallata. -- Jard&#xED;n Opalescente. Alberto Delgado D&#xED;az. -- Tr&#xED;ptico Calca Urubamba y Paucartambo. Luis Felipe Paredes. -- Estampas del Cuzco el ultimo altar y semblanza del Corpus. Pancho Fierro. -- Los Ayarachis de Parat&#xED;a. Amadeo Landaeta Basadre. -- El ultimo de los Huarancca. Carlos Valer Portocarrero. -- La planchadora. Mario Alberto Gilt Contreras. -- El seud&#xF3;nimo. Cuadros y Villena. -- El ultimo Likichiri y la leyenda de la taruka. Mario Franco Inojoza. --  Asiru Patjjata leyenda Aymara. Alberto Cuentas. -- Saantia la hija de Huiracocha. Jos&#xE9; Portugal. -- Las aves que enga&#xF1;aron a Dios. Efra&#xED;n Morote Best. -- El novenante. Lizandro Luna. -- Horizontes roturados. Eustaquio Kallata. -- Los cuatreros. H&#xE9;ctor Cano Torres. -- Per&#xFA; Suyoq Qollanan Himno nacional. -- Salutaci&#xF3;n al libertador Sim&#xF3;n Bol&#xED;var. Jos&#xE9; Domingo Choquehuanca. -- La agon&#xED;a de los cristales poes&#xED;a. Arturo Castro. -- Escuela de labriegos y &#xE1;ngeles poemas para el hombre, otro vivir, de una teor&#xED;a sobre los &#xE1;ngeles. Gustavo P&#xE9;rez Ocampo. -- 5 poemas. Dante Nava. -- La phas&#xF1;a Julicha. Aurelio Mart&#xED;nez Escobar. -- Nostalgia y otras poes&#xED;as. Julio Enr&#xED;quez Torres. -- Poema de la madre muerta. Alberto Cuentas. -- Ide&#xF3;logo de la peruanidad Francisco Garc&#xED;a Calder&#xF3;n. Luis Felipe Paredes. -- A prop&#xF3;sito de la Antolog&#xED;a de las letras pune&#xF1;as. Fernando Manrique. -- Pintura contempor&#xE1;nea cuzque&#xF1;a. Mariano Fuentes Lira. Rigoberto Villaroel Claure. -- Valores musicales del Cuzco Baltazar Zegarra. Ernesto Corvacho. -- La ciudad y el campo el problema ind&#xED;gena. H&#xE9;ctor Isa&#xED;as Loayza Guerra. -- Linguistica nacional sobre el alfabeto Qheswa. J.M.B. Farf&#xE1;n. -- Academia de las lenguas nativas. Fernando Manrique. -- Not&#xED;culas incubadora de generaciones cuasi julepe. E. Kallata. -- El arte en el imperio de los Incas por Heinrich Ubbelohde Doering. Manuel Ch&#xE1;vez Ball&#xF3;n. -- Peque&#xF1;os ensayos por Luis Felipe Paredes. Carlos Gregorio Taborga. -- P&#xE1;gina Musical.  Recuerdos del Cuzco m&#xFA;sica de Baltazar Zegarra y letra de Luis Nieto.</subfield>
  </datafield>
  <datafield tag="650" ind1=" " ind2=" ">
    <subfield code="a">Tradiciones cusque&#xF1;as</subfield>
    <subfield code="9">31110</subfield>
  </datafield>
  <datafield tag="650" ind1=" " ind2=" ">
    <subfield code="a">Fiestas populares</subfield>
    <subfield code="9">34730</subfield>
  </datafield>
  <datafield tag="650" ind1=" " ind2=" ">
    <subfield code="a">Folcklore</subfield>
    <subfield code="9">46108</subfield>
  </datafield>
  <datafield tag="650" ind1=" " ind2=" ">
    <subfield code="a">Literatura cusque&#xF1;a</subfield>
    <subfield code="9">46110</subfield>
  </datafield>
  <datafield tag="650" ind1=" " ind2=" ">
    <subfield code="a">Poetas cusque&#xF1;os</subfield>
    <subfield code="9">5956</subfield>
  </datafield>
  <datafield tag="650" ind1=" " ind2=" ">
    <subfield code="a">Arte cusque&#xF1;o</subfield>
    <subfield code="9">13165</subfield>
  </datafield>
  <datafield tag="650" ind1=" " ind2=" ">
    <subfield code="a">Qorikancha</subfield>
    <subfield code="9">30993</subfield>
  </datafield>
  <datafield tag="700" ind1=" " ind2=" ">
    <subfield code="a">Guti&#xE9;rrez Loayza, Julio</subfield>
    <subfield code="9">46116</subfield>
  </datafield>
  <datafield tag="700" ind1=" " ind2=" ">
    <subfield code="a">Escobar Moscoso, Mario</subfield>
    <subfield code="9">31091</subfield>
  </datafield>
  <datafield tag="700" ind1=" " ind2=" ">
    <subfield code="a">Ch&#xE1;vez Ball&#xF3;n, Manuel</subfield>
    <subfield code="9">45977</subfield>
  </datafield>
  <datafield tag="700" ind1=" " ind2=" ">
    <subfield code="a">P&#xE9;rez Ocampo, Gustavo</subfield>
    <subfield code="9">46123</subfield>
  </datafield>
  <datafield tag="700" ind1=" " ind2=" ">
    <subfield code="a">Villanueva Urtega, Horacio</subfield>
    <subfield code="9">46125</subfield>
  </datafield>
  <datafield tag="700" ind1=" " ind2=" ">
    <subfield code="a">Y&#xE9;pez Miranda, Alfredo</subfield>
    <subfield code="9">4230</subfield>
  </datafield>
  <datafield tag="700" ind1=" " ind2=" ">
    <subfield code="a">Landaeta Basadre, Amadeo</subfield>
    <subfield code="9">46126</subfield>
  </datafield>
  <datafield tag="700" ind1=" " ind2=" ">
    <subfield code="a">Morote Best, Efra&#xED;n</subfield>
    <subfield code="9">46127</subfield>
  </datafield>
  <datafield tag="942" ind1=" " ind2=" ">
    <subfield code="2">ddc</subfield>
    <subfield code="c">PP</subfield>
  </datafield>
  <datafield tag="945" ind1=" " ind2=" ">
    <subfield code="a">rac</subfield>
  </datafield>
  <datafield tag="952" ind1=" " ind2=" ">
    <subfield code="0">0</subfield>
    <subfield code="2">ddc</subfield>
    <subfield code="4">0</subfield>
    <subfield code="7">0</subfield>
    <subfield code="a">HEM</subfield>
    <subfield code="b">HEM</subfield>
    <subfield code="c">CART</subfield>
    <subfield code="d">2021-08-05</subfield>
    <subfield code="g">10.00</subfield>
    <subfield code="o">Rev.IAAC/N&#xB0;7/1954</subfield>
    <subfield code="p">REVC000233</subfield>
    <subfield code="r">2021-08-05</subfield>
    <subfield code="y">PP</subfield>
  </datafield>
  <datafield tag="952" ind1=" " ind2=" ">
    <subfield code="0">0</subfield>
    <subfield code="2">ddc</subfield>
    <subfield code="4">0</subfield>
    <subfield code="7">0</subfield>
    <subfield code="a">HEM</subfield>
    <subfield code="b">HEM</subfield>
    <subfield code="c">CART</subfield>
    <subfield code="d">2021-08-05</subfield>
    <subfield code="g">10.00</subfield>
    <subfield code="o">Rev.IAAC/N&#xB0;7/1954/e.2</subfield>
    <subfield code="p">REVC000234</subfield>
    <subfield code="r">2021-08-05</subfield>
    <subfield code="y">PP</subfield>
  </datafield>
</record>
